Logo Biblioteca

Bombero : (Registro nro. 852)

Detalles MARC
000 -LEADER
fixed length control field 00693nam a2200229 a 4500
003 - CONTROL NUMBER IDENTIFIER
control field AR-RoUNCS
005 - DATE AND TIME OF LATEST TRANSACTION
control field 20251216130801.0
008 - FIXED-LENGTH DATA ELEMENTS--GENERAL INFORMATION
fixed length control field 180901s2017 ag gr a000 jbspa
020 ## - INTERNATIONAL STANDARD BOOK NUMBER
International Standard Book Number 978-987-630-271-5
040 ## - CATALOGING SOURCE
Original cataloging agency AR-BaBN
Language of cataloging spa
Transcribing agency AR-RoUNCs
Description conventions aacr
044 ## - COUNTRY OF PUBLISHING/PRODUCING ENTITY CODE
MARC country code ag
ISO country code ar-c
080 1# - UNIVERSAL DECIMAL CLASSIFICATION NUMBER
Universal Decimal Classification number 82-34(82)
Edition identifier 2016
100 1# - MAIN ENTRY--PERSONAL NAME
Personal name García Lao, Fernanda,
Dates associated with a name 1966-
Relator term autora
245 10 - TITLE STATEMENT
Title Bombero :
Remainder of title (monólogo encendido) /
Statement of responsibility, etc. Fernanda García Lao.
260 ## - PUBLICATION, DISTRIBUTION, ETC.
Place of publication, distribution, etc. Buenos Aires :
Name of publisher, distributor, etc. Universidad Nacional de General Sarmiento,
Date of publication, distribution, etc. 2017.
300 ## - PHYSICAL DESCRIPTION
Extent 19 p. ;
Dimensions 15 cm.
490 0# - SERIES STATEMENT
Series statement Contra Tiempos
650 #7 - SUBJECT ADDED ENTRY--TOPICAL TERM
Source of heading or term embne
Topical term or geographic name entry element Literatura argentina
650 #7 - SUBJECT ADDED ENTRY--TOPICAL TERM
Topical term or geographic name entry element Cuento fantástico
655 #4 - INDEX TERM--GENRE/FORM
Genre/form data or focus term Cuento
942 ## - ADDED ENTRY ELEMENTS (KOHA)
Source of classification or shelving scheme Universal Decimal Classification
Koha item type Libro de préstamo a domicilio
Suppress in OPAC No
Existencias
Withdrawn status Lost status Source of classification or shelving scheme Damaged status Not for loan Collection Home library Current library Date acquired Source of acquisition Total checkouts Full call number Barcode Date last seen Price effective from Koha item type
    Universal Decimal Classification     Colección General Biblioteca Escuela de Ciencias Sociales Biblioteca Escuela de Ciencias Sociales 16/12/2025 Donación 2023   82-34(82) G216 000329 16/12/2025 16/12/2025 Libro de préstamo a domicilio
Biblioteca de la Escuela Preuniversitaria en Ciencias Sociales y Humanísticas.
Riobamba 250 bis.
CP 2000 - Rosario - Santa Fe
E-Mail: biblioteca@esociales.unr.edu.ar